|
|
|
|
| LEADER |
01472nam a2200385Ia 4500 |
| 001 |
EBC254222 |
| 003 |
MiAaPQ |
| 005 |
20200520144314.0 |
| 006 |
m o d | |
| 007 |
cr cn||||||||| |
| 008 |
010516s2002 enk sb 001 0 eng d |
| 010 |
|
|
|z 2001034881
|
| 020 |
|
|
|z 0415250986
|
| 035 |
|
|
|a (MiAaPQ)EBC254222
|
| 035 |
|
|
|a (Au-PeEL)EBL254222
|
| 035 |
|
|
|a (CaPaEBR)ebr5003411
|
| 035 |
|
|
|a (CaONFJC)MIL23929
|
| 035 |
|
|
|a (OCoLC)935229866
|
| 040 |
|
|
|a MiAaPQ
|c MiAaPQ
|d MiAaPQ
|
| 050 |
|
4 |
|a HG3897.4
|b .F54 2002
|
| 082 |
0 |
4 |
|a 332.4/566/09660917541
|2 21
|
| 100 |
1 |
|
|a Fielding, David,
|d 1965-
|
| 245 |
1 |
4 |
|a The macroeconomics of monetary union
|h [electronic resource] :
|b an analysis of the CFA franc zone /
|c David Fielding.
|
| 260 |
|
|
|a London ;
|a New York :
|b Routledge,
|c c2002.
|
| 300 |
|
|
|a xi, 196 p.
|
| 490 |
1 |
|
|a Routledge studies in development economics
|
| 504 |
|
|
|a Includes bibliographical references and index.
|
| 533 |
|
|
|a Electronic reproduction. Ann Arbor, MI : ProQuest, 2015. Available via World Wide Web. Access may be limited to ProQuest affiliated libraries.
|
| 650 |
|
0 |
|a Monetary unions
|z Africa, French-speaking.
|
| 650 |
|
0 |
|a French franc area.
|
| 650 |
|
0 |
|a Monetary policy
|z Africa, French-speaking.
|
| 655 |
|
4 |
|a Electronic books.
|
| 710 |
2 |
|
|a ProQuest (Firm)
|
| 830 |
|
0 |
|a Routledge studies in development economics.
|
| 856 |
4 |
0 |
|u https://ebookcentral.proquest.com/lib/matrademy/detail.action?docID=254222
|z Click to View
|